| 000 | 00818nam a2200229Ia 4500 | ||
|---|---|---|---|
| 003 | OSt | ||
| 005 | 20220926002550.0 | ||
| 006 | a|||||r|||| 00| 0 | ||
| 007 | ta | ||
| 008 | 220923b |||||||| |||| 00| 0 eng d | ||
| 037 | _cGeneral Book | ||
| 040 |
_aRTL _cRTL _beng |
||
| 041 |
_2eng _aeng |
||
| 082 | _aX : 545 . 2 . N70t4, L0 | ||
| 110 |
_aINDIAN , APPLIED ECONOMICS RESEARCH (National Council of--) _9306066 |
||
| 245 | 0 | _aSurvey of India 's expert potential within the Indian ocean basin and near by areas. | |
| 260 |
_a New Delhi _bNational Council of Applied Economic Research _c1970 |
||
| 300 |
_aiii, 302p _ccm. |
||
| 700 |
_aINDIAN , APPLIED ECONOMICS RESEARCH (National Council of--) _9306067 |
||
| 942 |
_hX : 545 . 2 . N70t4, L0 _cGB _2CC |
||
| 999 |
_c605450 _d605450 |
||